000 00843nam a2200289 a 4500
003 AR-BaBNM
005 20251128203523.0
008 082120s2002 ||||||||||||||000 | spa||
040 _cAR-BaBNM
100 1 _aToubes Spinelli, Roberto Orlando
245 0 0 _aGeología del Nunatak Bertrab, sector antártico argentino
260 _aBuenos Aires
_bDirección Nacional del Antártico
_c1983
300 _a9 p.
_bmapas
490 0 _aInstituto Antártico Argentino
_vv. 296
504 _aBibliografía p. 7
650 4 _aREGIONES POLARES
650 4 _aZONAS CLIMATICAS
650 4 _aOCEANOGRAFIA
650 4 _aEXPEDICIONES CIENTIFICAS
650 4 _aEXPLORACION OCEANICA
650 4 _aINVESTIGACION CIENTIFICA
650 4 _aEXPLORACION DE RECURSOS
650 4 _aGEOLOGIA
651 4 _aAntártida
942 _cBK
998 _cmariana
999 _c3765
_d3765